00352nam a2200133 a 45000010010000000030011000100080041000210350026000620820014000881000025001022450028001272600040001556500023001950000-8754ELIB.Books110520 2002  a(ELIB.Books)0000-8900 a230 bShi aShimary, Shimreingam aTheology of Human Right bAssam: Barkataki and Company c2002 aChristian Theology